000 00693nam a2200289Ia 4500
005 20260324121207.0
008 008 260324s9999 xx 000 0 eng d
020 _a9781315175065
037 _aEBOOK
040 _aCRL
040 _beng
040 _cCRL
041 _2eng
041 _aeng
084 _qCRL
100 _aAnne Vize
_91161564
245 0 _aReading in the Moment
245 0 _bActivities and Stories to Share with Adults with Dementia
260 _bTaylor and Francis
260 _c2014
365 _a
365 _b215
856 _uhttp://www.taylorfrancis.com/books/9781315175065
942 _cEBOOK
999 _c1753506
_d1753506